000 00550nam a2200217Ia 4500
003 OSt
005 20220924142925.0
006 a|||||r|||| 00| 0
007 ta
008 220923b |||||||| |||| 00| 0 ori d
024 _a303967
037 _cTextual
040 _aARTS
_cARTS
_bORI
041 _2ORI
_aORI
082 _aO44v, 1591K6
100 _aPattanayak Pathani
_9214353
245 0 _aBharatiya sahityar bhumika
260 _c1966
942 _hO44v, 1591K6
_cTEXL
_2CC
999 _c452530
_d452530